00406nam a2200133 a 4500008004100000020001500041050001600056100002400072245005000096260004300146300002200189350000900211650005200220120416s2004 ||||||||||||||||| || u a047084406X aHG 3851 Obe aOberlechner, Thomas14aThe Psychology of the Foreign exchange market aWest SussexbJohn Wiley and Sonsc2004 axix, 258p. : ill. a0.00 aForeign exchange market - Psychological aspects